Help for small businesses (Record no. 70658)
[ view plain ]
| 000 -LEADER | |
|---|---|
| fixed length control field | 00909cam a2200205 4500 |
| 001 - CONTROL NUMBER | |
| control field | WB3824-04 |
| 008 - FIXED-LENGTH DATA ELEMENTS--GENERAL INFORMATION | |
| fixed length control field | 020702n2002 000 0 eng u |
| 035 ## - SYSTEM CONTROL NUMBER | |
| System control number | (Sirsi) u118652 |
| 245 ## - TITLE STATEMENT | |
| Title | Help for small businesses |
| 260 ## - PUBLICATION, DISTRIBUTION, ETC. | |
| Date of publication, distribution, etc. | 2002 |
| 490 ## - SERIES STATEMENT | |
| Series statement | DTI Press Release |
| Volume/sequential designation | (2002/411) 1 July 2002, (2) |
| 520 ## - SUMMARY, ETC. | |
| Summary, etc. | The Small Business Service has publised a new guidance pack to help small and medium-sized businesses (SMEs) gain access to European funding. "Access to EU funding" covers nine categories and explains the different loans and grants available in Europe, with contact details. The guidance pack is available from Business Link, t +44 (0)870 150 2500 (quoting URN 02/324) or from www.businesslink.org. |
| 590 ## - LOCAL NOTE (RLIN) | |
| Local note | WB |
| 650 ## - SUBJECT ADDED ENTRY--TOPICAL TERM | |
| Topical term or geographic name entry element | SMALL BUSINESSES |
| 650 ## - SUBJECT ADDED ENTRY--TOPICAL TERM | |
| Topical term or geographic name entry element | SMES |
| 650 ## - SUBJECT ADDED ENTRY--TOPICAL TERM | |
| Topical term or geographic name entry element | EU FUNDING |
| 650 ## - SUBJECT ADDED ENTRY--TOPICAL TERM | |
| Topical term or geographic name entry element | SMALL BUSINESS SERVICE |
| 690 ## - LOCAL SUBJECT ADDED ENTRY--TOPICAL TERM (OCLC, RLIN) | |
| Topical term or geographic name as entry element | MANAGEMENT-BUSINESS MANAGEMENT |
| 942 ## - ADDED ENTRY ELEMENTS (KOHA) | |
| Suppress in OPAC | 0 |
| Withdrawn status | Lost status | Source of classification or shelving scheme | Damaged status | Not for loan | Home library | Current library | Shelving location | Date acquired | Total Checkouts | Full call number | Barcode | Date last seen | Copy number | Price effective from | Koha item type |
|---|---|---|---|---|---|---|---|---|---|---|---|---|---|---|---|
| Dewey Decimal Classification | London | London | News article | 02/07/2002 | WB3824-04 | 118652-1001 | 06/08/2019 | 1 | 06/08/2019 | News article |